[Event "5.Copenhagen Open IM Politiken Cup"]
[Site "Hvidovre"]
[Date "1983.??.??"]
[Round "3"]
[White "Andersen, Dan"]
[Black "Pokojowczyk, Jerzy"]
[Result "0-1"]
[WhiteElo "2230"]
[BlackElo "2335"]
[PlyCount "98"]
[EventDate "1983.??.??"]
[EventType "swiss"]
[EventRounds "9"]
[EventCountry "DEN"]
[SourceDate "2004.01.01"]

1. d4 Nf6 2. Nf3 e6 3. c4 b6 4. a3 Ba6 5. Qc2 Bb7 6. Nc3 c5 7. e4 cxd4 8. Nxd4
Bc5 9. Nb3 Be7 10. Be2 d6 11. Bf4 a6 12. Rd1 Qc7 13. O-O Nbd7 14. Nd2 O-O 15.
Rc1 Rac8 16. Rfd1 Qb8 17. b4 Rfd8 18. Qd3 Ne5 19. Qg3 Ng6 20. Be3 Bc6 21. f4 b5
22. f5 exf5 23. exf5 Ne5 24. Bh6 g6 25. Rf1 bxc4 26. fxg6 hxg6 27. Nxc4 Bd7 28.
Ne3 Qa7 29. Kh1 Rxc3 30. Rxc3 Ne4 31. Qe1 Nxc3 32. Qxc3 Be6 33. Bf4 Bf6 34. Nc2
Rc8 35. Qd2 Nc4 36. Bxc4 Bxc4 37. Be3 Qe7 38. Re1 Be5 39. Bg5 Qc7 40. Ne3 Be6
41. Nd5 Bxd5 42. Qxd5 Qc3 43. Rf1 Qc4 44. Qf3 Qe6 45. Qb7 Rc2 46. h3 Rc3 47.
Rf3 Qb3 48. Qxa6 Rxf3 49. Qa8+ Kh7 0-1

[Event "5.Copenhagen Open IM Politiken Cup"]
[Site "Hvidovre"]
[Date "1983.??.??"]
[Round "8"]
[White "Andersen, Dan"]
[Black "Niklasson, Christer"]
[Result "1/2-1/2"]
[WhiteElo "2230"]
[BlackElo "2400"]
[PlyCount "70"]
[EventDate "1983.??.??"]
[EventType "swiss"]
[EventRounds "9"]
[EventCountry "DEN"]
[SourceDate "2004.01.01"]

1. c4 f5 2. Nc3 Nf6 3. g3 g6 4. Bg2 Bg7 5. Nf3 O-O 6. O-O d6 7. a3 e5 8. d3 Nc6
9. Rb1 Nh5 10. Nd5 f4 11. b4 Bg4 12. b5 Ne7 13. Ng5 h6 14. Nxe7+ Qxe7 15. Ne4
Qd7 16. Re1 Rf7 17. Bb2 Raf8 18. d4 fxg3 19. fxg3 exd4 20. Bxd4 Bf5 21. Rb3 Qe6
22. Bxg7 Nxg7 23. Qd4 Bh3 24. Bxh3 Qxh3 25. Rf3 Qe6 26. Ref1 Nf5 27. Qd3 Qe5
28. e3 Ne7 29. Rf4 g5 30. Rxf7 Rxf7 31. Rxf7 Kxf7 32. Nf2 Kg7 33. Kg2 h5 34. g4
h4 35. Ne4 Ng6 1/2-1/2

[Event "5.Copenhagen Open IM Politiken Cup"]
[Site "Hvidovre"]
[Date "1983.??.??"]
[Round "1"]
[White "Andersen, Dan"]
[Black "Grooten, Herman"]
[Result "1/2-1/2"]
[WhiteElo "2230"]
[BlackElo "2340"]
[PlyCount "112"]
[EventDate "1983.??.??"]
[EventType "swiss"]
[EventRounds "9"]
[EventCountry "DEN"]
[SourceDate "2004.01.01"]

1. Nf3 Nf6 2. d4 e6 3. Bg5 h6 4. Bxf6 Qxf6 5. e4 d6 6. c3 e5 7. Qb3 g5 8. Na3
g4 9. Nd2 exd4 10. cxd4 Bg7 11. Nc2 O-O 12. Rd1 Nc6 13. Nb1 Re8 14. Nc3 Bf5 15.
Qxb7 d5 16. Bb5 Na5 17. Qxc7 Bxe4 18. Nxe4 Rxe4+ 19. Ne3 Nc4 20. Bxc4 dxc4 21.
O-O Qb6 22. Qxc4 Bxd4 23. Kh1 Rae8 24. Nf5 Bxb2 25. Qc2 Ba3 26. Qc3 Bf8 27. f3
gxf3 28. Rxf3 Kh7 29. Rdf1 Qg6 30. Ng3 R4e7 31. Qb3 Kg8 32. Rf6 Qh7 33. Nh5 Kh8
34. h3 Re1 35. Rxf7 Rxf1+ 36. Rxf1 Bg7 37. Qf7 Rg8 38. Qxa7 Qd3 39. Qf2 Rf8 40.
Nf4 Qe4 41. Qf3 Qc2 42. a4 Kh7 43. a5 Rf7 44. a6 Qc4 45. g3 Qxa6 46. Qe4+ Kg8
47. Rd1 Qc8 48. Rb1 Qf5 49. Rb8+ Kh7 50. Qc4 Qd7 51. Qe4+ Qf5 52. Qc4 Qd7 53.
h4 Rxf4 54. Qg8+ Kg6 55. gxf4 Qd1+ 56. Kg2 Qe2+ 1/2-1/2

[Event "5.Copenhagen Open IM Politiken Cup"]
[Site "Hvidovre"]
[Date "1983.??.??"]
[Round "9"]
[White "Andersen, Dan"]
[Black "Auchenberg, Per"]
[Result "0-1"]
[WhiteElo "2230"]
[BlackElo "2240"]
[PlyCount "106"]
[EventDate "1983.??.??"]
[EventType "swiss"]
[EventRounds "9"]
[EventCountry "DEN"]
[SourceDate "2004.01.01"]

1. c4 Nf6 2. d4 c5 3. d5 b5 4. cxb5 a6 5. bxa6 Bxa6 6. Nc3 d6 7. g3 g6 8. Bg2
Bg7 9. Nf3 O-O 10. O-O Nbd7 11. Qc2 Qb6 12. Rb1 Rfb8 13. Rd1 Ra7 14. Bg5 h6 15.
Bf4 Ng4 16. h3 Ngf6 17. Bf1 Ne8 18. b3 Nc7 19. a4 Rab7 20. Na2 Qa7 21. Bg2 Rb6
22. e4 Qb7 23. Nd2 Ne5 24. Bf1 Bxf1 25. Rxf1 Na6 26. Rfe1 Nb4 27. Nxb4 Rxb4 28.
Re3 Qa6 29. Rc1 Qa8 30. Bxe5 Bxe5 31. Nc4 Bd4 32. Rd3 Qa6 33. Na3 Kh7 34. Nb5
Bg7 35. Rf3 Kg8 36. Qd3 Qa5 37. Kg2 Ra8 38. h4 h5 39. Re3 Qd8 40. f4 Kh7 41.
Rf3 Qd7 42. f5 Be5 43. fxg6+ fxg6 44. Rc4 Rxc4 45. Qxc4 Qg4 46. Qe2 Kg8 47. Qd3
g5 48. hxg5 h4 49. Qe2 Qxg5 50. Nc7 Rb8 51. Kh3 hxg3 52. Rf5 Qg6 53. Ne6 g2 0-1

[Event "5.Copenhagen Open IM Politiken Cup"]
[Site "Hvidovre"]
[Date "1983.??.??"]
[Round "1"]
[White "Auchenberg, Per"]
[Black "Poulsen, Allan"]
[Result "1-0"]
[WhiteElo "2240"]
[BlackElo "2340"]
[PlyCount "83"]
[EventDate "1983.??.??"]
[EventType "swiss"]
[EventRounds "9"]
[EventCountry "DEN"]
[SourceDate "2004.01.01"]

1. c4 c5 2. Nc3 Nf6 3. Nf3 Nc6 4. g3 d5 5. cxd5 Nxd5 6. Bg2 g6 7. O-O Bg7 8.
Nxd5 Qxd5 9. d3 O-O 10. Qa4 Nb4 11. a3 Bd7 12. Qd1 Nc6 13. Ng5 Qf5 14. Bh3 Qd5
15. Bg2 Qe5 16. Bf4 Qf6 17. Rb1 e5 18. Ne4 Qe7 19. Bg5 f6 20. Be3 Nd4 21. b4
cxb4 22. axb4 Bg4 23. Bxd4 exd4 24. h3 Bf5 25. Qd2 b6 26. b5 Rac8 27. Qb4 Qxb4
28. Rxb4 Rc2 29. g4 Bxe4 30. Bxe4 Rxe2 31. Ra1 f5 32. gxf5 gxf5 33. Bd5+ Kh8
34. Rxa7 f4 35. Rc4 f3 36. Kf1 Rb2 37. Rc1 Rxb5 38. Be4 Rh5 39. Rcc7 Rxh3 40.
Rxg7 Rh1+ 41. Rg1 Rc8 42. Ra8 1-0

[Event "5.Copenhagen Open IM Politiken Cup"]
[Site "Hvidovre"]
[Date "1983.??.??"]
[Round "8"]
[White "Auchenberg, Per"]
[Black "Norgaard, Jesper"]
[Result "0-1"]
[WhiteElo "2240"]
[BlackElo "2290"]
[PlyCount "138"]
[EventDate "1983.??.??"]
[EventType "swiss"]
[EventRounds "9"]
[EventCountry "DEN"]
[SourceDate "2004.01.01"]

1. d4 Nf6 2. c4 g6 3. Nc3 Bg7 4. e4 d6 5. f4 c5 6. d5 O-O 7. Nf3 e6 8. Bd3 exd5
9. cxd5 Na6 10. O-O Nc7 11. Re1 Re8 12. a4 b6 13. h3 Rb8 14. Be3 a6 15. Qd2 Nd7
16. Bf2 b5 17. axb5 axb5 18. Rac1 b4 19. Nd1 Ba6 20. Bxa6 Nxa6 21. Qd3 Nc7 22.
Rc2 Nb6 23. Ne3 Qd7 24. Nc4 Nxc4 25. Qxc4 b3 26. Rce2 Rb4 27. Qc1 Qb5 28. Qd1
Qa4 29. Qd3 Nb5 30. e5 Rc8 31. exd6 Nxd6 32. Qd2 Rxf4 33. Bg3 Rf6 34. Be5 Nc4
35. Qc3 Nxe5 36. Nxe5 Rd6 37. Qf3 Qd4+ 38. Kh1 Qxd5 39. Qxd5 Rxd5 40. Nc4 Rdd8
41. Na5 Rd3 42. Re8+ Rxe8 43. Rxe8+ Bf8 44. Rb8 Kg7 45. Rxb3 c4 46. Rxd3 cxd3
47. Nc4 Kf6 48. Kg1 Bc5+ 49. Kf1 Ke6 50. Ke1 Kd5 51. Nd2 Bd4 52. b3 Bc3 53. Kd1
Kc5 54. Ne4+ Kb4 55. Ng5 Kxb3 56. Nxh7 Kc4 57. Ng5 f6 58. Nf3 Kd5 59. Nh2 Ke4
60. Nf1 f5 61. Kc1 f4 62. Kd1 f3 63. gxf3+ Kxf3 64. Nh2+ Kg3 65. Ng4 g5 66. Kc1
d2+ 67. Kc2 Ba5 68. Kd1 Kxh3 69. Ne3 g4 0-1

[Event "5.Copenhagen Open IM Politiken Cup"]
[Site "Hvidovre"]
[Date "1983.??.??"]
[Round "5"]
[White "Auchenberg, Per"]
[Black "King, Daniel J"]
[Result "0-1"]
[WhiteElo "2240"]
[BlackElo "2395"]
[PlyCount "111"]
[EventDate "1983.??.??"]
[EventType "swiss"]
[EventRounds "9"]
[EventCountry "DEN"]
[SourceDate "2004.01.01"]

1. c4 Nf6 2. Nc3 e5 3. g3 Bb4 4. Bg2 O-O 5. Nf3 Re8 6. O-O e4 7. Nd4 d6 8. Nc2
Bxc3 9. dxc3 h6 10. Ne3 Nbd7 11. Qc2 b6 12. Rd1 Bb7 13. Rd4 Ne5 14. b3 Ng6 15.
Nd5 c5 16. Nxf6+ Qxf6 17. Rd1 Qe7 18. Be3 f5 19. Qd2 Rad8 20. Bf4 Qf6 21. Be3
Nf8 22. f4 Ne6 23. a4 a5 24. b4 Ba6 25. b5 Bb7 26. Qc2 Nc7 27. Bf2 Bc8 28. e3
Be6 29. Bf1 Qf7 30. Qa2 Re7 31. Rd2 Ne8 32. Rad1 Red7 33. h3 g5 34. Kh2 Kf8 35.
Be1 Qg8 36. Rf2 Rf7 37. Rg2 Rf6 38. Rgd2 Rd7 39. Rg2 Rg7 40. Rdd2 Ke7 41. Rdf2
Kd7 42. Kh1 Rfg6 43. Kh2 Nf6 44. Qe2 Kc7 45. Rg1 gxf4 46. Rxf4 Nd7 47. Rg2 Ne5
48. Qd1 Rf6 49. g4 Rfg6 50. Bg3 h5 51. Rd2 h4 52. Bxh4 fxg4 53. Rxd6 g3+ 54.
Kg1 Bg4 55. Qd5 Nf3+ 56. Rxf3 {Time} 0-1

[Event "5.Copenhagen Open IM Politiken Cup"]
[Site "Hvidovre"]
[Date "1983.??.??"]
[Round "3"]
[White "Auchenberg, Per"]
[Black "Davies, Nigel"]
[Result "1/2-1/2"]
[WhiteElo "2240"]
[BlackElo "2375"]
[PlyCount "44"]
[EventDate "1983.??.??"]
[EventType "swiss"]
[EventRounds "9"]
[EventCountry "DEN"]
[SourceDate "2004.01.01"]

1. d4 g6 2. c4 Bg7 3. Nc3 c5 4. d5 Nf6 5. e4 O-O 6. f3 d6 7. Bg5 h6 8. Be3 e5
9. Qd2 h5 10. h3 Nh7 11. g4 h4 12. Bd3 Nd7 13. Rh2 a6 14. Rg2 g5 15. a3 Re8 16.
b4 b6 17. b5 Bf6 18. Qb2 Nhf8 19. a4 Ng6 20. Bf1 Nf4 21. Rd2 Re7 22. Qb1 a5
1/2-1/2

[Event "5.Copenhagen Open IM Politiken Cup"]
[Site "Hvidovre"]
[Date "1983.??.??"]
[Round "6"]
[White "Auchenberg, Per"]
[Black "Bator, Robert"]
[Result "0-1"]
[WhiteElo "2240"]
[BlackElo "2305"]
[PlyCount "124"]
[EventDate "1983.??.??"]
[EventType "swiss"]
[EventRounds "9"]
[EventCountry "DEN"]
[SourceDate "2004.01.01"]

1. d4 Nf6 2. c4 e6 3. Nc3 Bb4 4. e3 O-O 5. Bd3 d5 6. Nge2 b6 7. O-O Bb7 8. cxd5
exd5 9. a3 Bd6 10. Ng3 c5 11. Nf5 Re8 12. Nxd6 Qxd6 13. dxc5 bxc5 14. b4 d4 15.
exd4 cxd4 16. Ne2 Nc6 17. Bf4 Qd5 18. f3 Ne5 19. Bxe5 Rxe5 20. Ng3 Rd8 21. Qd2
Nh5 22. Ne4 f5 23. Nc5 Bc8 24. Rfe1 Rde8 25. Bb5 R8e7 26. Rad1 Nf6 27. Rxe5
Rxe5 28. Kf2 Bb7 29. Qxd4 Ng4+ 30. Kg3 Ne3 31. Qxd5+ Bxd5 32. Rd3 Re7 33. Rxd5
Nxd5 34. Bc4 f4+ 35. Kg4 Re5 36. Nd3 h5+ 37. Kh4 Rf5 38. g4 fxg3 39. hxg3 Kf8
40. f4 Ne3 41. Bb3 g6 42. Ne5 Kg7 43. Be6 Rf6 44. Bb3 Nf5+ 45. Kh3 Nd4 46. Bd1
Rd6 47. a4 Nc6 48. Nxc6 Rxc6 49. b5 Rc1 50. Bb3 Rh1+ 51. Kg2 Rb1 52. Bc4 Rb4
53. Bd3 Rxa4 54. Kf3 Kf6 55. Ke3 Ra3 56. Ke4 Rxd3 57. Kxd3 Kf5 58. Ke3 Kg4 59.
Kf2 h4 60. gxh4 Kxf4 61. h5 gxh5 62. Kg2 Ke4 0-1

[Event "5.Copenhagen Open IM Politiken Cup"]
[Site "Hvidovre"]
[Date "1983.??.??"]
[Round "3"]
[White "Bator, Robert"]
[Black "Hartung Nielsen, Jens"]
[Result "1-0"]
[WhiteElo "2305"]
[BlackElo "2250"]
[PlyCount "76"]
[EventDate "1983.??.??"]
[EventType "swiss"]
[EventRounds "9"]
[EventCountry "DEN"]
[SourceDate "2004.01.01"]

1. e4 c5 2. Nf3 d6 3. d4 cxd4 4. Nxd4 Nf6 5. Nc3 Nc6 6. Bg5 Bd7 7. Bxf6 gxf6 8.
Nb3 a6 9. Qh5 e6 10. Bd3 Ne5 11. O-O-O Qb6 12. Rhf1 O-O-O 13. Be2 Be7 14. f4
Ng6 15. g3 Kb8 16. Rd4 Bc6 17. Kb1 Rd7 18. Rd2 Qd8 19. Rfd1 Qc7 20. Nd4 d5 21.
Nxc6+ bxc6 22. exd5 cxd5 23. Bxa6 Bb4 24. Nb5 Qa5 25. Rd4 Bc5 26. Rc4 Bb6 27.
Nd4 Qxa6 28. Rb4 Rb7 29. Nc6+ Kc7 30. c4 Kxc6 31. cxd5+ Kc7 32. f5 Ne5 33. Qh4
Rd8 34. Qxf6 Qe2 35. Rc1+ Kd7 36. dxe6+ Ke8 37. Rxb6 Qe4+ 38. Ka1 Rxb6 {Time}
1-0

[Event "5.Copenhagen Open IM Politiken Cup"]
[Site "Hvidovre"]
[Date "1983.??.??"]
[Round "8"]
[White "Bator, Robert"]
[Black "Petersen, Finn"]
[Result "1/2-1/2"]
[WhiteElo "2305"]
[BlackElo "2325"]
[PlyCount "62"]
[EventDate "1983.??.??"]
[EventType "swiss"]
[EventRounds "9"]
[EventCountry "DEN"]
[SourceDate "2004.01.01"]

1. e4 c5 2. Nf3 d6 3. d4 cxd4 4. Nxd4 Nf6 5. Nc3 g6 6. Be3 Bg7 7. Be2 O-O 8. h4
h5 9. f3 Nc6 10. Qd2 Ne5 11. O-O-O Bd7 12. g4 hxg4 13. f4 Nc6 14. f5 Nxd4 15.
Bxd4 gxf5 16. exf5 Bxf5 17. Qg5 e6 18. Bxg4 Bxg4 19. Ne4 e5 20. Bxe5 Ne8 21.
Qxg4 f5 22. Qg6 fxe4 23. h5 Rf6 24. Bxf6 Qxf6 25. Qxf6 Bxf6 26. Rhe1 e3 27.
Rxe3 Be5 28. Rf1 Kg7 29. h6+ Kxh6 30. Rb3 Kg6 31. Rxb7 Nf6 1/2-1/2

[Event "5.Copenhagen Open IM Politiken Cup"]
[Site "Hvidovre"]
[Date "1983.??.??"]
[Round "1"]
[White "Bator, Robert"]
[Black "King, Daniel J"]
[Result "1/2-1/2"]
[WhiteElo "2305"]
[BlackElo "2395"]
[PlyCount "82"]
[EventDate "1983.??.??"]
[EventType "swiss"]
[EventRounds "9"]
[EventCountry "DEN"]
[SourceDate "2004.01.01"]

1. e4 c5 2. Nf3 Nc6 3. d4 cxd4 4. Nxd4 Nf6 5. Nc3 e5 6. Nf5 d5 7. exd5 Bxf5 8.
dxc6 Qxd1+ 9. Nxd1 bxc6 10. Ne3 Bg6 11. Ba6 Rb8 12. O-O Bc5 13. Nc4 Bxc2 14.
Nxe5 O-O 15. Bc4 Be4 16. Bg5 Bd4 17. Bxf6 gxf6 18. Nd7 Rb4 19. Rad1 Rxc4 20.
Nxf8 Bxb2 21. Rd8 Kg7 22. f3 Bd5 23. Rd1 Bd4+ 24. Kh1 Rc2 25. Nd7 Rxa2 26. Nb8
Be5 27. Nd7 Bd4 28. Nb8 Be5 29. Nd7 a5 30. Nc5 a4 31. Ra8 a3 32. Nd3 Bd6 33. h3
Re2 34. Nc1 Rc2 35. Ra7 Bc5 36. Ra5 a2 37. Nd3 Bd4 38. Nb4 Bc3 39. Rxa2 Rxa2
40. Nxa2 Bxa2 41. Rc1 Be5 1/2-1/2

[Event "5.Copenhagen Open IM Politiken Cup"]
[Site "Hvidovre"]
[Date "1983.??.??"]
[Round "5"]
[White "Bator, Robert"]
[Black "Nilsson, Nils Specht"]
[Result "1-0"]
[WhiteElo "2305"]
[BlackElo "2255"]
[PlyCount "115"]
[EventDate "1983.??.??"]
[EventType "swiss"]
[EventRounds "9"]
[EventCountry "DEN"]
[SourceDate "2004.01.01"]

1. e4 e6 2. d4 d5 3. Nc3 Nf6 4. Bg5 dxe4 5. Nxe4 Be7 6. Bxf6 Bxf6 7. Nf3 Bd7 8.
Bd3 Bc6 9. c3 Bxe4 10. Bxe4 c6 11. Qc2 Nd7 12. O-O-O h6 13. Kb1 Qc7 14. c4 Nb6
15. Rhe1 O-O 16. h4 c5 17. d5 exd5 18. cxd5 Qd7 19. Re3 c4 20. Nd4 Nxd5 21.
Bxd5 Qxd5 22. Ne6 Qxg2 23. Rg3 Qc6 24. Nxg7 Bxg7 25. Rdg1 Qf6 26. f4 Kh8 27.
Rxg7 Qxg7 28. Rxg7 Kxg7 29. Qg2+ Kf6 30. Qxb7 Kf5 31. Qc6 Kxf4 32. Qxh6+ Ke4
33. Qf6 Kd5 34. h5 Rae8 35. a3 Re1+ 36. Ka2 Re6 37. Qf5+ Kc6 38. a4 a6 39. Qa5
Ra8 40. Qb4 Re4 41. a5 Rae8 42. h6 Rh8 43. Qb6+ Kd5 44. Qb7+ Kd4 45. Qxf7 Ree8
46. Qf6+ Kd5 47. Qxa6 Rb8 48. Qf6 Ra8 49. Kb1 Kc5 50. Qb6+ Kd5 51. a6 Rh7 52.
Qa5+ Kc6 53. b4 cxb3 54. Qc3+ Kb6 55. Qxb3+ Ka7 56. Qe3+ Kb8 57. Qg3+ Ka7 58.
Qg1+ 1-0

[Event "5.Copenhagen Open IM Politiken Cup"]
[Site "Hvidovre"]
[Date "1983.??.??"]
[Round "6"]
[White "Bednarski, Jacek"]
[Black "Bjerring, Kai"]
[Result "1/2-1/2"]
[WhiteElo "2325"]
[BlackElo "2310"]
[PlyCount "136"]
[EventDate "1983.??.??"]
[EventType "swiss"]
[EventRounds "9"]
[EventCountry "DEN"]
[SourceDate "2004.01.01"]

1. e4 c5 2. Nf3 d6 3. d4 cxd4 4. Qxd4 Bd7 5. c4 Nf6 6. Nc3 g6 7. b3 Bg7 8. Bb2
O-O 9. Qd2 Bc6 10. Bd3 Qa5 11. O-O Rd8 12. Rad1 Nbd7 13. Bb1 Qh5 14. Rfe1 Ng4
15. h3 Nge5 16. Nd4 Nc5 17. Nd5 e6 18. Ne7+ Kf8 19. Nexc6 Nxc6 20. Nxc6 bxc6
21. e5 Nb7 22. exd6 Rxd6 23. Qb4 Bxb2 24. Rxd6 Nxd6 25. Qxd6+ Kg7 26. Qxc6 Rd8
27. Qe4 Qc5 28. Qe2 Bd4 29. Kf1 e5 30. Be4 Rd6 31. Rd1 Rf6 32. f3 h5 33. Bd5 h4
34. Rd3 Qc7 35. Ke1 a5 36. Kd1 Qd6 37. Qd2 Qa3 38. Ke2 Qc5 39. Qe1 Rf4 40. Qd2
Qc7 41. Kd1 Bc5 42. Be4 Bb4 43. Qe2 a4 44. Kc2 axb3+ 45. Rxb3 Qa5 46. Kb2 Bc5
47. a3 Rf6 48. Bd5 Bd4+ 49. Ka2 Ra6 50. Bb7 Ra7 51. Bd5 Qc7 52. Rd3 Bc5 53. Qb2
Qe7 54. Rb3 Qg5 55. Qc2 Qf4 56. Qb2 Qh2 57. Qe2 Kh7 58. Bc6 Qg1 59. a4 Qc1 60.
Qxe5 Re7 61. Qb2 Qxc4 62. Bb5 Qd5 63. Qc1 Bd4 64. Qc4 Re1 65. Rd3 Ra1+ 66. Kb3
Rb1+ 67. Kc2 Rb2+ 68. Kd1 Rb1+ 1/2-1/2

[Event "5.Copenhagen Open IM Politiken Cup"]
[Site "Hvidovre"]
[Date "1983.??.??"]
[Round "5"]
[White "Bednarski, Jacek"]
[Black "Moe, Mogens"]
[Result "1-0"]
[WhiteElo "2325"]
[BlackElo "2345"]
[PlyCount "85"]
[EventDate "1983.??.??"]
[EventType "swiss"]
[EventRounds "9"]
[EventCountry "DEN"]
[SourceDate "2004.01.01"]

1. e4 c5 2. Nf3 g6 3. h4 Nf6 4. e5 Ng4 5. d4 Bg7 6. c3 Nc6 7. d5 Ncxe5 8. Nxe5
Nxe5 9. f4 Qc7 10. Na3 a6 11. Be2 b5 12. fxe5 Bxe5 13. O-O Bb7 14. Be3 f5 15.
Qd2 e6 16. Bf3 O-O-O 17. Rad1 f4 18. Bf2 exd5 19. Bxd5 d6 20. Qe2 Rde8 21. Qf3
Bxd5 22. Rxd5 Rhg8 23. Rfd1 Qb7 24. Nc2 h6 25. Ne1 g5 26. hxg5 Rxg5 27. Qh3+
Kb8 28. Nf3 Rg7 29. Nxe5 dxe5 30. Bxc5 Reg8 31. Rd8+ Rxd8 32. Rxd8+ Kc7 33. Rd2
Qe4 34. Qxh6 Qe1+ 35. Kh2 Qg3+ 36. Kh1 Rg6 37. Qh7+ Rg7 38. Qh8 Kb7 39. Qh6
Qe1+ 40. Bg1 Qxd2 41. Qxg7+ Kc6 42. Qf6+ Kd7 43. Qxe5 1-0

[Event "5.Copenhagen Open IM Politiken Cup"]
[Site "Hvidovre"]
[Date "1983.??.??"]
[Round "9"]
[White "Bednarski, Jacek"]
[Black "Norgaard, Jesper"]
[Result "0-1"]
[WhiteElo "2325"]
[BlackElo "2290"]
[PlyCount "138"]
[EventDate "1983.??.??"]
[EventType "swiss"]
[EventRounds "9"]
[EventCountry "DEN"]
[SourceDate "2004.01.01"]

1. e4 e5 2. Nf3 Nc6 3. Bb5 a6 4. Bxc6 dxc6 5. O-O f6 6. d4 exd4 7. Nxd4 c5 8.
Nb3 Qxd1 9. Rxd1 Bg4 10. f3 Be6 11. Be3 b6 12. Nc3 Bd6 13. a4 Kf7 14. a5 c4 15.
Nd4 b5 16. f4 Ne7 17. e5 fxe5 18. fxe5 Bxe5 19. Rf1+ Bf6 20. Ne4 Bd5 21. Nxf6
gxf6 22. Bg5 Rag8 23. Rxf6+ Ke8 24. h4 h6 25. Rxh6 Rxh6 26. Bxh6 Rxg2+ 27. Kf1
Rg4 28. Be3 Rxh4 29. Ke2 Rh2+ 30. Bf2 c5 31. Nf3 Bxf3+ 32. Kxf3 Nc6 33. Rd1 Rh6
34. Bxc5 Nxa5 35. Ke4 Nb7 36. Be3 Re6+ 37. Kf4 Nd6 38. Rd5 Kd7 39. Rh5 Re7 40.
Kf3 Kc6 41. Rc5+ Kb7 42. Rh5 Nf7 43. Kf2 Ne5 44. Bc5 Re6 45. Bd4 Nd7 46. Be3
Nf6 47. Rh4 Kc6 48. Kf3 Nd5 49. Bd2 Kc5 50. Rh8 b4 51. Rh5 a5 52. Kf2 Re8 53.
Rg5 Kd4 54. Rg4+ Re4 55. Rg5 c3 56. bxc3+ Nxc3 57. Kf3 Nd5 58. c3+ Nxc3 59.
Rxa5 Re8 60. Ra7 Rb8 61. Bh6 Kd3 62. Bg7 Kc2 63. Rc7 Rd8 64. Kf2 Rd2+ 65. Ke1
Rd3 66. Bf8 b3 67. Ba3 Rd4 68. Ra7 Ra4 69. Rxa4 Nxa4 0-1

[Event "5.Copenhagen Open IM Politiken Cup"]
[Site "Hvidovre"]
[Date "1983.??.??"]
[Round "2"]
[White "Bednarski, Jacek"]
[Black "Nielsen, Jorgen"]
[Result "1-0"]
[WhiteElo "2325"]
[BlackElo "2230"]
[PlyCount "77"]
[EventDate "1983.??.??"]
[EventType "swiss"]
[EventRounds "9"]
[EventCountry "DEN"]
[SourceDate "2004.01.01"]

1. e4 e5 2. Nf3 d6 3. Nc3 Nc6 4. d4 Bg4 5. d5 Nd4 6. Be3 Nxf3+ 7. gxf3 Bd7 8.
f4 exf4 9. Bxf4 Ne7 10. Qd4 Ng6 11. Bg3 h5 12. h4 Be7 13. O-O-O Bf6 14. Qe3
Nxh4 15. Be2 Bg4 16. f3 Ng6 17. Kb1 h4 18. Bh2 Bd7 19. f4 Qe7 20. Bf3 O-O 21.
Rhg1 Rfe8 22. Rde1 c6 23. Qd3 Rac8 24. e5 dxe5 25. d6 Qf8 26. f5 Nf4 27. Bxf4
exf4 28. Ne4 Be5 29. f6 g6 30. Nc5 Rcd8 31. Rxg6+ Kh8 32. Rh1 Bxf6 33. Rxf6 Re3
34. Rxh4+ Kg7 35. Qh7+ Kxf6 36. Rxf4+ Ke5 37. Nxd7+ Rxd7 38. Qf5+ Kxd6 39. Rd4+
{Time} 1-0

[Event "5.Copenhagen Open IM Politiken Cup"]
[Site "Hvidovre"]
[Date "1983.??.??"]
[Round "1"]
[White "Bednarski, Jacek"]
[Black "Tompa, Janos"]
[Result "1/2-1/2"]
[WhiteElo "2325"]
[BlackElo "2420"]
[PlyCount "23"]
[EventDate "1983.??.??"]
[EventType "swiss"]
[EventRounds "9"]
[EventCountry "DEN"]
[SourceDate "2004.01.01"]

1. e4 c5 2. Nf3 e6 3. d4 cxd4 4. Nxd4 Nf6 5. Nc3 d6 6. Be2 a6 7. a4 Nc6 8. O-O
Be7 9. Kh1 O-O 10. f4 Qc7 11. g4 d5 12. exd5 1/2-1/2

[Event "5.Copenhagen Open IM Politiken Cup"]
[Site "Hvidovre"]
[Date "1983.??.??"]
[Round "7"]
[White "Bjerring, Kai"]
[Black "Petersen, Finn"]
[Result "0-1"]
[WhiteElo "2310"]
[BlackElo "2325"]
[PlyCount "62"]
[EventDate "1983.??.??"]
[EventType "swiss"]
[EventRounds "9"]
[EventCountry "DEN"]
[SourceDate "2004.01.01"]

1. e4 c5 2. Nf3 d6 3. d4 cxd4 4. Nxd4 Nf6 5. Nc3 g6 6. f3 Bg7 7. Be3 O-O 8. Qd2
Nc6 9. O-O-O d5 10. exd5 Nxd5 11. Nxc6 bxc6 12. Bd4 e5 13. Bc5 Re8 14. Ne4 Be6
15. c4 Nb6 16. Qc2 Qc7 17. g4 Nd7 18. Be3 Rab8 19. h4 f5 20. gxf5 Bxf5 21. h5
gxh5 22. Nf6+ Nxf6 23. Qxf5 Qa5 24. Rg1 Ng4 25. Bd4 Qxa2 26. Bc3 Bh6+ 27. Rd2
Bxd2+ 28. Bxd2 Qxb2+ 29. Kd1 e4 30. Qg5+ Kh8 31. fxg4 e3 0-1

[Event "5.Copenhagen Open IM Politiken Cup"]
[Site "Hvidovre"]
[Date "1983.??.??"]
[Round "9"]
[White "Bjerring, Kai"]
[Black "Stigar, Petter"]
[Result "1-0"]
[WhiteElo "2310"]
[BlackElo "2270"]
[PlyCount "81"]
[EventDate "1983.??.??"]
[EventType "swiss"]
[EventRounds "9"]
[EventCountry "DEN"]
[SourceDate "2004.01.01"]

1. e4 c5 2. Nf3 e6 3. c4 Nc6 4. Nc3 Nf6 5. e5 Ng4 6. d4 cxd4 7. Nxd4 Ngxe5 8.
Ndb5 Bc5 9. Nd6+ Ke7 10. Nde4 b6 11. Qh5 d6 12. Bf4 f6 13. O-O-O Qe8 14. Qh3
Ba6 15. Be2 Rd8 16. Rhe1 Qf7 17. Bg3 Nd4 18. Bh5 g6 19. Bh4 gxh5 20. Bxf6+ Kd7
21. b4 Nxc4 22. bxc5 bxc5 23. Bxd4 cxd4 24. Rxd4 Qf4+ 25. Kc2 Qe5 26. Rd5 Qf4
27. Nc5+ Kc6 28. Nxa6 exd5 29. Qd3 Qg5 30. f4 Qxg2+ 31. Re2 Qg6 32. f5 Qf7 33.
Nxd5 Ne5 34. Qc3+ Kb7 35. Rxe5 dxe5 36. Qb3+ Kxa6 37. Nb4+ Ka5 38. Nc6+ Ka6 39.
Qxf7 Rc8 40. Qf6 Rhf8 41. Qd6 1-0

[Event "5.Copenhagen Open IM Politiken Cup"]
[Site "Hvidovre"]
[Date "1983.??.??"]
[Round "1"]
[White "Bjerring, Kai"]
[Black "Niklasson, Christer"]
[Result "1-0"]
[WhiteElo "2310"]
[BlackElo "2400"]
[PlyCount "69"]
[EventDate "1983.??.??"]
[EventType "swiss"]
[EventRounds "9"]
[EventCountry "DEN"]
[SourceDate "2004.01.01"]

1. e4 c5 2. Nf3 e6 3. d4 cxd4 4. Nxd4 a6 5. Nc3 Qc7 6. g3 Bb4 7. Bd2 Nc6 8.
Nxc6 bxc6 9. Qg4 Bf8 10. Qe2 d6 11. g4 h6 12. Bg2 Nf6 13. h4 Be7 14. g5 hxg5
15. hxg5 Rxh1+ 16. Bxh1 Nd7 17. f4 g6 18. O-O-O Bb7 19. Bf3 O-O-O 20. Rh1 d5
21. exd5 cxd5 22. Nxd5 Bxd5 23. Bxd5 Nc5 24. Bg2 Rd4 25. Kb1 Qb6 26. Rh8+ Kd7
27. Be3 Rb4 28. Qd2+ Bd6 29. Qc3 Qb5 30. a3 Rc4 31. Qf6 Be7 32. Qxf7 Kd6 33.
Re8 Qd7 34. Bf1 Re4 35. Rxe7 1-0

[Event "5.Copenhagen Open IM Politiken Cup"]
[Site "Hvidovre"]
[Date "1983.??.??"]
[Round "5"]
[White "Bjerring, Kai"]
[Black "Tompa, Janos"]
[Result "1/2-1/2"]
[WhiteElo "2310"]
[BlackElo "2420"]
[PlyCount "63"]
[EventDate "1983.??.??"]
[EventType "swiss"]
[EventRounds "9"]
[EventCountry "DEN"]
[SourceDate "2004.01.01"]

1. e4 c5 2. Nf3 e6 3. Nc3 d6 4. d4 cxd4 5. Nxd4 Nf6 6. g4 Nc6 7. g5 Nd7 8. Be3
a6 9. Rg1 Nb6 10. f4 d5 11. Qd2 Na5 12. b3 dxe4 13. Ndb5 Nd5 14. Nxd5 exd5 15.
Nc3 Bb4 16. a3 Bxc3 17. Qxc3 O-O 18. O-O-O Be6 19. f5 Rc8 20. Qb2 Bxf5 21. Qe5
Be6 22. g6 Qf6 23. gxh7+ Kxh7 24. Qh5+ Kg8 25. Kb1 Qc3 26. Rxg7+ Qxg7 27. Be2
Rxc2 28. Bd4 Rc1+ 29. Ka2 Rc2+ 30. Kb1 Rc1+ 31. Ka2 Rc2+ 32. Kb1 1/2-1/2

[Event "5.Copenhagen Open IM Politiken Cup"]
[Site "Hvidovre"]
[Date "1983.??.??"]
[Round "3"]
[White "Cramling, Dan"]
[Black "Welin, Thomas"]
[Result "1/2-1/2"]
[WhiteElo "2410"]
[BlackElo "2330"]
[PlyCount "23"]
[EventDate "1983.??.??"]
[EventType "swiss"]
[EventRounds "9"]
[EventCountry "DEN"]
[SourceDate "2004.01.01"]

1. c4 c5 2. Nc3 Nf6 3. e3 g6 4. Nf3 Bg7 5. d4 O-O 6. Be2 cxd4 7. exd4 d5 8. O-O
Nc6 9. Re1 Bg4 10. cxd5 Nxd5 11. h3 Be6 12. Bg5 1/2-1/2